Arias Montano y Barrefelt (Record no. 136268)
[ view plain ]
| 000 -LEADER | |
|---|---|
| campo de control de longitud fija | 00704nam a2200193 i 4500 |
| 001 - NÚMERO DE CONTROL | |
| campo de control | 136268 |
| 003 - IDENTIFICADOR DE NÚMERO DE CONTROL | |
| campo de control | ES-MaACL |
| 005 - FECHA Y HORA DE LA ÚLTIMA TRANSACCIÓN | |
| campo de control | 20230906195056.0 |
| 007 - CAMPO FIJO DE DESCRIPCIÓN FÍSICA--INFORMACIÓN GENERAL | |
| campo de control de longitud fija | t| |
| 008 - DATOS DE LONGITUD FIJA--INFORMACIÓN GENERAL | |
| campo de control de longitud fija | 070214s1934 sp r ||||1| spa d |
| 100 1# - ENTRADA PRINCIPAL--NOMBRE DE PERSONA | |
| Nombre de persona | Sabbe, Maurits. |
| 9 (RLIN) | 101198 |
| 245 10 - MENCIÓN DEL TÍTULO | |
| Título | Arias Montano y Barrefelt |
| Resto del título | : (Hiël y la teología ortodoxa) / |
| Mención de responsabilidad, etc. | Maurits Sabbe ; traducción de María Brey Mariño. |
| 260 ## - PUBLICACIÓN, DISTRIBUCIÓN, ETC. | |
| Lugar de publicación, distribución, etc. | Madrid : |
| Nombre del editor, distribuidor, etc. | Gabriel Molina, |
| Fecha de publicación, distribución, etc. | 1934. |
| 300 ## - DESCRIPCIÓN FÍSICA | |
| Extensión | 34 p. ; |
| Dimensiones | 22 cm. |
| 500 ## - NOTA GENERAL | |
| Nota general | Es tirada aparte de la "Revista del Centro de Estudios Extremeños" Badajoz, 1934-tomo VIII- págs. 63 a 92. |
| 600 04 - PUNTO DE ACCESO ADICIONAL DE MATERIA--NOMBRE DE PERSONA | |
| Nombre de persona | Arias Montano, Benito. |
| 9 (RLIN) | 22787 |
| 700 1# - ENTRADA AGREGADA--NOMBRE PERSONAL | |
| Nombre de persona | Brey Mariño, María. |
| 9 (RLIN) | 31657 |
| 852 ## - LOCALIZACIÓN | |
| Ubicación | ES-MaACL |
| Número de control de estantería | 1804-F-18 |
| Estatus retirado | Estado de pérdida | Estado de daño | No para préstamo | Colección | Biblioteca de origen | Biblioteca actual | Ubicación en estantería | Fecha de adquisición | Fuente de adquisición | Total de préstamos | Signatura topográfica completa | Código de barras | Visto por última vez | Precio de reemplazo | Tipo de ítem Koha |
|---|---|---|---|---|---|---|---|---|---|---|---|---|---|---|---|
| Colección de folletos | Biblioteca del Ateneo de Madrid | Biblioteca del Ateneo de Madrid | Depósito folletos | 17/01/2008 | 1804-F-18 | 1141820 | 23/02/2023 | 23/02/2023 | Folleto |
